000 00506nam a22001937a 4500
003 IIN
005 20250505124718.0
008 250505s2017 |||ad||| |||| 001 0 eng d
020 _a9789386322968
_cRs.795.00
040 _aIIN
082 _a610.73677
_bSHA
100 _aShastri, Prakash
245 _aICU Manual for Nurses/
_cPrakash Shastri
260 _aNew Delhi
_bJaypee
_c2017
300 _aviii, 238 p.
_bill.
500 _aIncludes Index
650 _aICU
_vMedical-Surgical
_xNursing
942 _cBOOK
999 _c1794
_d1794